| 000 | 00782cam a2200265 i 4500 | ||
|---|---|---|---|
| 999 |
_c7189 _d7189 |
||
| 001 | 833805 | ||
| 003 | OSt | ||
| 005 | 20210909104725.0 | ||
| 008 | 780825s1978 iaua b 001 0 eng | ||
| 010 | _a 77091275 | ||
| 020 |
_a0697047555. _a0697047547 |
||
| 040 |
_aDLC _cDDC _dDLC |
||
| 050 | 0 | 0 |
_aQK567 _b.P7 1978 |
| 082 | 0 | 0 | _a579.8PRE1978 |
| 100 | 1 |
_aPrescott, G. W. _q(Gerald Webber), _d1899- _914782 |
|
| 245 | 1 | 0 |
_aHow to know the freshwater algae / _cEdited by Prescott G.W. |
| 250 | _a3d ed. | ||
| 260 |
_aDubuque, Iowa : _bW. C. Brown, _cc1978. |
||
| 300 |
_ax,293p. _bill. ; _c23 cm. |
||
| 490 | 0 | _aThe Pictured key nature series | |
| 504 | _aIncludes; index | ||
| 650 | 0 |
_aBiology _95602 |
|
| 906 |
_a7 _bcbc _corignew _d2 _eopcn _f19 _gy-gencatlg |
||
| 942 |
_2ddc _cO_SHELF |
||